000
00278nam a22001217a 4500
022
_a
0036-8733
082
_a
2020
245
_a
Scientific American 2020 /
260
_a
New York:
_b
Springer Nature,
300
_c
28cm.
650
_a
Science - Periodicals.
_9
35298
942
_c
CR
999
_c
541003
_d
541003